| 000 | 00611nam a22002051a 4500 | ||
|---|---|---|---|
| 003 | OSt | ||
| 005 | 20240226120805.0 | ||
| 008 | 180216t2017 pk | |||| 000 f urd d | ||
| 020 | _a9693514963 | ||
| 040 | _c0 | ||
| 082 |
_a891.4393 _bBAN 2017 |
||
| 100 | 1 |
_aبانوقدسیہ _9121226 |
|
| 245 | 1 | 0 |
_aحاصل گھاٹ _cBano Qudsia |
| 246 | _aHasil Ghat | ||
| 260 |
_aLahore: _bSang e Meel Pub; _c2017. |
||
| 300 | _a336 p. | ||
| 650 |
_aUrdu Literature _vNovel _9876 |
||
| 942 |
_2ddc _cBK _aSADA _k891.4393 BAN 2017 |
||
| 999 |
_c608164 _d608164 |
||